Determinants of Labour Force Migration: Evidence From the Western Balkans

Analýza hlavných faktorov rastu miery migrácie v krajinách západného Balkánu. Analýza bola vykonaná na panelových údajoch za 17 rokov od roku 2005 do roku 2021. Analýza sociálnych premenných ako nezamestnanosť a životná úroveň a politických premenných ako korupcia, politická stabilita, efektívnosť v...

Ausführliche Beschreibung

Gespeichert in:
Bibliographische Detailangaben
1. Verfasser: Gara, Atdhetar
Weitere Verfasser: Fetai, Besnik
Format: Buchkapitel
Sprache:Englisch
Schlagworte:
Tags: Tag hinzufügen
Keine Tags, Fügen Sie das erste Tag hinzu!

MARC

LEADER 00000naa a2200000 4500
001 0300427
005 20240522101250.6
041 0 |a eng 
044 |a CZ 
245 1 0 |a Determinants of Labour Force Migration: Evidence From the Western Balkans  |c Atdhetar Gara, Besnik Fetai 
520 |a Analýza hlavných faktorov rastu miery migrácie v krajinách západného Balkánu. Analýza bola vykonaná na panelových údajoch za 17 rokov od roku 2005 do roku 2021. Analýza sociálnych premenných ako nezamestnanosť a životná úroveň a politických premenných ako korupcia, politická stabilita, efektívnosť vlády, právny štát a miera korupcie pri migrácii občanov. Na tento účel boli použité rôzne ekonometrické modely a techniky, ako je OLS, OLS robustné fixné modely, modely náhodných efektov a GMM (Generalizovaná metóda momentov). 
610 2 0 |a sily pracovné 
610 2 0 |a migrácia 
610 2 0 |a zamestnanosť 
610 2 0 |a nezamestnanosť 
610 2 0 |a ukazovatele 
610 2 0 |a korupcia 
610 2 0 |a stabilita politická 
610 2 0 |a analýzy 
610 2 0 |a modely ekonometrické 
610 2 0 |a Balkán 
100 1 |a Gara, Atdhetar 
700 1 |a Fetai, Besnik